|
|
|
|
| LEADER |
00000naa0a2200000 4500 |
| 001 |
637423 |
| 005 |
20250528102405.0 |
| 035 |
|
|
|a (RuTPU)RU\TPU\network\1548
|
| 035 |
|
|
|a RU\TPU\network\1547
|
| 090 |
|
|
|a 637423
|
| 100 |
|
|
|a 20140912d2006 k||y0rusy50 ca
|
| 101 |
0 |
|
|a rus
|
| 102 |
|
|
|a RU
|
| 135 |
|
|
|a drcn ---uucaa
|
| 181 |
|
0 |
|a i
|
| 182 |
|
0 |
|a b
|
| 200 |
1 |
|
|a Оптические свойства поликристаллического оксида алюминия после облучения ионами железа и отжига
|f А. В. Кабышев, Ф. В. Конусов
|
| 203 |
|
|
|a Текст
|c электронный
|
| 300 |
|
|
|a Заглавие с экрана
|
| 320 |
|
|
|a [Библиогр.: с. 134 (3 назв.)]
|
| 463 |
|
|
|t ФВЗЧК-2006
|o тезисы докладов ХХXVI международной Тулиновской конференции по физике взаимодействия заряженных частиц с кристаллами, г. Москва, 30 мая - 1 июня 2006 г.
|f Московский государственный университет им. М. В. Ломоносова (МГУ) ; Московский государственный университет им. М. В. Ломоносова (МГУ), Научно-исследовательский институт ядерной физики им. Д. В. Скобельцына (НИИЯФ)
|v [С. 134]
|d 2006
|
| 610 |
1 |
|
|a электронный ресурс
|
| 610 |
1 |
|
|a труды учёных ТПУ
|
| 610 |
1 |
|
|a оптические свойства
|
| 610 |
1 |
|
|a оксид алюминия
|
| 610 |
1 |
|
|a ионы железа
|
| 610 |
1 |
|
|a отжиг
|
| 700 |
|
1 |
|a Кабышев
|b А. В.
|c специалист в области электроэнергетики
|c профессор Томского политехнического университета, доктор физико-математических наук
|f 1958-
|g Александр Васильевич
|3 (RuTPU)RU\TPU\pers\27068
|
| 701 |
|
1 |
|a Конусов
|b Ф. В.
|c физик
|c ведущий инженер Томского политехнического университета, кандидат физико-математических наук
|f 1958-
|g Федор Валерьевич
|3 (RuTPU)RU\TPU\pers\30120
|9 14526
|
| 801 |
|
2 |
|a RU
|b 63413507
|c 20140912
|g RCR
|
| 850 |
|
|
|a 63413507
|
| 856 |
4 |
|
|u http://danp.sinp.msu.ru/pci2006/1_utro_stend.pdf#page=4
|
| 942 |
|
|
|c CF
|